000 00301nam a22001337a 4500
008 181006b xxu||||| |||| 00| 0 eng d
020 _a9780195100853
041 _aeng
080 _a159.9
100 _a49
101 _aPSI
245 _aModels of Visuospatial Cognition
_cVega, M
942 _2udc
_cBK
999 _c48937
_d48937